Africa (Record no. 32587)

MARC details
000 -LEADER
campo de control de longitud fija 00760nam a2200229 i 4500
001 - NÚMERO DE CONTROL
campo de control 32587
003 - IDENTIFICADOR DE NÚMERO DE CONTROL
campo de control ES-MaACL
005 - FECHA Y HORA DE LA ÚLTIMA TRANSACCIÓN
campo de control 20260209164050.0
007 - CAMPO FIJO DE DESCRIPCIÓN FÍSICA--INFORMACIÓN GENERAL
campo de control de longitud fija t|
008 - DATOS DE LONGITUD FIJA--INFORMACIÓN GENERAL
campo de control de longitud fija 030131s1974 sp ||||1| spa d
100 1# - ENTRADA PRINCIPAL--NOMBRE DE PERSONA
Nombre de persona Bertaux, Pierre.
9 (RLIN) 28428
245 10 - MENCIÓN DEL TÍTULO
Título Africa
Resto del título : desde la prehistoria hasta los estados actuales /
Mención de responsabilidad, etc. Pierre Bertaux ; [traductor: Manuel Ramón Alarcón].
250 ## - MENCION DE EDICION
Mención de edición [3ª ed.].
260 ## - PUBLICACIÓN, DISTRIBUCIÓN, ETC.
Lugar de publicación, distribución, etc. Madrid :
Nombre del editor, distribuidor, etc. Siglo XXI,
Fecha de publicación, distribución, etc. [1974]
300 ## - DESCRIPCIÓN FÍSICA
Extensión X, 359 p. ;
Dimensiones 18 cm.
490 1# - MENCIÓN DE SERIE
Mención de serie Historia universal. Siglo XXI ;
Designación de volumen o secuencia 32
651 #4 - PUNTO DE ACCESO ADICIONAL DE MATERIA--NOMBRE GEOGRÁFICO
Nombre geográfico África-
Subdivisión general Historia
9 (RLIN) 7595
700 1# - ENTRADA AGREGADA--NOMBRE PERSONAL
Nombre de persona Alarcón, Manuel Ramón.
9 (RLIN) 19131
830 00 - PUNTO DE ACCESO ADICIONAL DE SERIE-TÍTULO UNIFORME
Título uniforme Historia universal (Siglo XXI)
Designación de volumen o secuencia 32
9 (RLIN) 181446
852 ## - LOCALIZACIÓN
Ubicación ES-MaACL
Número de control de estantería E-7172
Sublocalización o colección R.91291
Holdings
Estatus retirado Estado de pérdida Estado de daño No para préstamo Biblioteca de origen Biblioteca actual Ubicación en estantería Fecha de adquisición Fuente de adquisición Total de préstamos Signatura topográfica completa Código de barras Visto por última vez Precio de reemplazo Tipo de ítem Koha
        Biblioteca del Ateneo de Madrid Biblioteca del Ateneo de Madrid Depósito 2 17/01/2008     E-7172 1033783 23/02/2023 23/02/2023 Libro impreso